| 000 | 00629cab a2200241 4500 | ||
|---|---|---|---|
| 001 | ABS60333 | ||
| 008 | 090401t1999 xxu||||| |||| 00| 0 eng d | ||
| 035 | _a(Sirsi) u92322 | ||
| 041 | _aeng | ||
| 245 | _aWandsworth LBC v Osei-Bonsu | ||
| 260 | _c1999 | ||
| 350 | _a0 | ||
| 490 |
_aEstates Gazette _v[1999] 11 EG 167-0174(8) |
||
| 650 | _aDAMAGES | ||
| 650 | _aHOUSING ACT 1988 | ||
| 650 | _aJOINT TENANCY | ||
| 650 | _aSECURE TENANCY | ||
| 650 | _aUNLAWFUL EVICTION | ||
| 650 | _aWANDSWORTH LBC V OSEI-BONSU | ||
| 690 | _aLANDLORD AND TENANT-CASE LAW-RESIDENTIAL TENANCIES | ||
| 942 | _n0 | ||
| 948 | _c24/03/1999 | ||
| 999 |
_c58541 _d58541 |
||